000 00575nam a22002177a 4500
005 20170124105941.0
010 _aA-060045
020 _c00.00
035 _aA-060045
037 _bCen Lib/Ret
040 _aDPL
_bEN
082 _a230.1
_bDUT
100 _aDutt, R.C.
_911278
245 _aRamayana /
_cby R.C. Dutta
260 _aNew Delhi
_bSumit Publications
270 _bNew Delhi
_aKD/6A, ashok vihar
_e110052
300 _axiii, 162
_c21cm(Hb)
650 _aHinduism
_911279
650 _aRamayana
_911280
942 _2ddc
_cEN
_h230.1
_mDUT
999 _c124590
_d124590